Interpreting The Dravidian Movement/ (Record no. 190251)

MARC details
000 -LEADER
fixed length control field 00629nam a22001937a 4500
005 - DATE AND TIME OF LATEST TRANSACTION
control field 20220721112903.0
010 ## - LCCN (DPL NO)
LC control number ENG-133759
020 ## - INTERNATIONAL STANDARD BOOK NUMBER
Terms of availability 60.00
International Standard Book Number 9789383657452
035 ## - SYSTEM CONTROL NUMBER
System control number EN-117291
037 ## - SOURCE OF ACQUISITION
Source of stock number/acquisition DBAD/PUB
082 ## - DEWEY DECIMAL CLASSIFICATION NUMBER
Classification number 303.484095482
100 ## - MAIN ENTRY--PERSONAL NAME
Personal name Pandian, M S S
245 ## - TITLE STATEMENT
Title Interpreting The Dravidian Movement/
Statement of responsibility, etc M S S Pandian
260 ## - PUBLICATION, DISTRIBUTION, ETC. (IMPRINT)
Place of publication, distribution, etc New Delhi
Name of publisher, distributor, etc Critical Quest
Date of publication, distribution, etc 2018
270 ## - ADDRESS
Address 420, G-Block, Phase VI, Aya Nagar
City New Delhi
Postal code 110047
Telephone number 9910036543
Electronic mail address criticalquest@gmail.com
300 ## - PHYSICAL DESCRIPTION
Extent 96p.
Dimensions 21cm(pbk)
Other physical details References, Endnotes
700 ## - ADDED ENTRY--PERSONAL NAME
Personal name S Anandhi
942 ## - ADDED ENTRY ELEMENTS (KOHA)
Source of classification or shelving scheme Dewey Decimal Classification
Item type English Books
Classification part 303.484095482
Call number suffix PAN
Holdings
Withdrawn status Lost status Not for loan Collection code Home library Current library Date acquired Source of acquisition Cost, normal purchase price Full call number Barcode Copy number Cost, replacement price Koha item type
      Non-fiction Bawana Bawana 21/07/2022 DBAD/PUB 60.00 303.484095482 PAN EN-117291 1 60.00 English Books

© Delhi Public Library
Hit Counter
free hit counter